[Event "Charlotte Holiday IM 2020"]
[Site "Charlotte"]
[Date "2020.12.27"]
[Round "2.5"]
[White "Vivekananthan, Anish"]
[Black "Velikanov, Alexander"]
[Result "1/2-1/2"]
[WhiteElo "2305"]
[BlackElo "2308"]
[Annotator "TA"]
[PlyCount "81"]
[EventDate "2020.12.26"]
[EventType "tourn"]
[EventCountry "USA"]
[SourceTitle "playchess.com"]
[Source "ChessBase"]
[SourceQuality "1"]

{[%evp 17,81,18,32,0,0,0,0,0,-17,-22,4,0,0,-25,-2,-25,-34,-54,-41,-77,-71,-72,-59,-47,0,0,0,0,0,0,58,65,131,143,141,141,90,0,0,0,26,0,0,-19,-2,-21,0,-36,39,39,158,158,398,273,379,374,494,174,185,199,555,0,0,0,484,0]} 1. e4 c5 2. Nf3 e6 3. g3 Nc6 4. Bg2 Nf6 5. Nc3 d6 6. d4 cxd4 7. Nxd4 Bd7 8. O-O Be7 9. Re1 O-O 10. Ndb5 {B80: Sicilian Scheveningen: 6 g3 and 6 Be3, including English Attack.} Qb8 11. a4 a6 12. Nd4 {[#] The position is equal.} Nxd4 $146 ({Predecessor:} 12... Qc7 13. Nb3 Rac8 14. h3 b6 15. Qe2 Nb4 16. Be3 e5 17. Red1 Be6 18. Rac1 Qb7 19. Na1 Rxc3 20. bxc3 Na2 21. Qd3 Nxc1 22. Rxc1 {0-1 (39) Hulak,K (2470)-Cebalo,M (2510) Zagreb 1981}) 13. Qxd4 Qc7 14. Qd3 Ng4 15. Ne2 {[%cal Bc3e2,Be2f4,Bf4d3][%mdl 32]} Qc5 16. Rf1 (16. Qf3 {seems wilder.} Ne5 17. Qc3 Qxc3 18. Nxc3 g5 19. f4) 16... b5 17. a5 b4 18. h3 Ne5 19. Qd1 Nc4 20. Nf4 Nxa5 21. e5 $1 {[%cal Re5d6]} d5 22. Qg4 $1 Nc6 23. Be3 d4 {[#]} ({Black should play} 23... Qxc2 $11 24. Nxd5 exd5 25. Qxd7 Rfd8) 24. Nd3 $1 $14 Qxc2 (24... Qb6 $14 25. Bh6 g6) 25. Bh6 $1 $16 {[%csl Gh6][%cal Rg4g7]} g6 26. Bxf8 Rxf8 (26... Bxf8 $142 27. Qe4 Rd8) 27. Be4 (27. Qe4 $1 $16) 27... Qc4 $11 28. h4 Qb5 29. Qf4 Na5 30. h5 g5 31. Qg4 Nc4 32. Rfd1 (32. Rfc1 {is more complex.} h6 33. Qe2 b3 34. f4 Kg7 35. Ne1) 32... Kh8 ({Black should try} 32... h6 $15) 33. Bf3 Rd8 (33... Na5 $14) 34. Qxd4 $16 Bc6 $2 (34... Kg8 $16 {was called for.} 35. Qa7 Kf8 36. Qxa6 (36. Rxa6 Be8 $18) 36... h6 37. Qxb5 Bxb5) 35. Bxc6 {Strongly threatening Qxd8+!} Qxc6 36. Qa7 Rd7 {[#]} 37. Rxa6 (37. Nxb4 $1 {[%mdl 512]} Rxd1+ 38. Rxd1) 37... Qb5 38. Qa8+ Rd8 $2 (38... Kg7 {is a better chance.} 39. Raa1 Nxe5 40. Nxe5 Rxd1+ 41. Rxd1 Qxe5) 39. Qa7 Rd7 40. Qa8+ Rd8 $1 {[%cal Rd8a8] [#]} 41. Qa7 $2 {Weighted Error Value: White=0.37/Black=0.41} (41. h6 $1 $18 Qd7 42. Qe4) 1/2-1/2

[Event "Charlotte Holiday IM 2020"]
[Site "Charlotte"]
[Date "2020.12.28"]
[Round "3.1"]
[White "Tsay, Vincent"]
[Black "Andrianov, Nikolai"]
[Result "1/2-1/2"]
[WhiteElo "2266"]
[BlackElo "2392"]
[Annotator "TA"]
[PlyCount "26"]
[EventDate "2020.12.26"]
[EventType "tourn"]
[EventCountry "USA"]
[SourceTitle "playchess.com"]
[Source "ChessBase"]
[SourceQuality "1"]

{[%evp 10,26,49,47,80,79,93,85,83,89,68,71,94,89,92,19,29,22,110]} 1. d4 Nf6 2. Bf4 g6 3. Nc3 Bg7 4. e4 d6 5. Qd2 O-O 6. O-O-O Re8 {B07: Pirc Defence: Miscellaneous Systems.} 7. h4 {[#]} Nc6 $146 ({Predecessor:} 7... h5 8. Nf3 Nc6 9. Bc4 Bg4 10. Ng5 d5 11. Nxd5 Nxe4 12. Nxe4 Bxd1 13. Rxd1 Rc8 14. c3 {1-0 (59) Guerra,R-Wang,A (1502) Auckland 2019}) 8. Bh6 e5 {White is better.} 9. d5 Nd4 10. f3 Nh5 11. Bxg7 Kxg7 12. Nce2 (12. g4 $16 Ng3 13. Rh2) 12... Nxe2+ $11 13. Nxe2 Qf6 {Weighted Error Value: White=0.15/Black=0.11} (13... f5 $1 $11 {keeps the balance.}) 1/2-1/2

[Event "Charlotte Holiday IM 2020"]
[Site "Charlotte"]
[Date "2020.12.28"]
[Round "3.2"]
[White "Liang, Jason"]
[Black "Vivekananthan, Anish"]
[Result "1/2-1/2"]
[WhiteElo "2317"]
[BlackElo "2305"]
[Annotator "TA"]
[PlyCount "120"]
[EventDate "2020.12.26"]
[EventType "tourn"]
[EventCountry "USA"]
[SourceTitle "playchess.com"]
[Source "ChessBase"]
[SourceQuality "1"]

{[%evp 9,120,19,25,0,9,0,6,7,33,18,45,23,38,31,31,36,27,-22,0,0,0,-15,64,93,90,62,21,0,21,20,17,29,11,0,0,0,0,-6,0,-79,-90,-85,-34,-64,-43,-67,-44,-91,-91,-74,0,0,0,0,0,0,0,0,26,0,37,37,37,-41,-34,-51,-51,-102,-96,-87,-56,-81,-67,-82,-70,-66,-59,-131,-74,-86,-79,-133,-133,-173,-189,-222,-149,-248,-128,-121,-56,-63,-56,-43,-49,-88,-54,-69,-61,-55,0,0,0,-82,0,-8,0,0,0,0,0,-6,0]} 1. d4 Nf6 2. Bg5 e6 3. e4 h6 4. Bxf6 Qxf6 5. c3 d6 6. Bc4 {A45: Trompowsky Attack.} g6 7. Ne2 Bg7 8. O-O Nd7 9. f4 Qe7 10. Nd2 {[#]} O-O $146 ({Predecessor:} 10... c6 11. Bb3 Nb6 12. Kh1 f5 13. exf5 gxf5 14. Ng3 Qf7 15. Nh5 Rg8 16. Qe2 Bd7 {1-0 (25) Scho,C (2177)-Matzat,A (2145) Germany 2003}) 11. f5 Nb6 {[%cal Re6f5]} 12. fxg6 fxg6 13. Bb3 Kh7 (13... Rxf1+ {is interesting.} 14. Qxf1 a5 15. e5 dxe5 16. dxe5 Bd7) 14. Rxf8 Qxf8 15. Qe1 Bf6 (15... Bd7 $11) 16. e5 $14 dxe5 17. Qg3 exd4 18. Rf1 {Ne4 is the strong threat.} Qg7 19. Ne4 Be7 ({But not} 19... Be5 $6 20. Qh4 $16) 20. Nxd4 Nd5 21. Nf3 {Hoping for Ne5.} Bd7 22. Ne5 Be8 23. Ng4 (23. Re1 {keeps more tension.} a5 24. a3 a4 25. Bc2 b5 26. Nd3) 23... Bc6 24. Bc2 (24. Ne5 $11 {keeps the balance.} Be8 25. Nf3) 24... Rf8 $17 25. Rxf8 Bxf8 (25... Qxf8 $17 26. h3 Nf4) 26. h4 Kh8 27. Qf2 b6 28. Qd2 Ne7 29. Qd8 Nf5 (29... Ng8 $1 $17) 30. Ne5 $1 $11 {[%cal Re5c6]} Bxe4 31. Bxe4 Kh7 32. Nd7 Be7 33. Qxc7 Bc5+ 34. Kf1 Bd6 (34... Qf7 {seems wilder.} 35. Ke2 Bg1 36. Kd2 Nxh4 37. Qxa7 Kg7) 35. Nf6+ Kh8 36. Qc8+ (36. Qxg7+ $1 $14 Kxg7 37. Ne8+ Kf7 38. Bxf5) 36... Qf8 $15 37. Qxf8+ ({Don't blunder} 37. Qxe6 $2 Ng7 $19) 37... Bxf8 {[%mdl 4096] Endgame KBN-KBN} 38. Nd7 (38. Bd3 $15) 38... Bd6 $17 {Strongly threatening ...Ng3+.} 39. Ke2 Nxh4 40. Kd3 Kg7 41. Kc4 Kf7 $1 42. Kb5 Ke7 43. Kc6 (43. Nxb6 $15 axb6 44. Kxb6) 43... Bf4 (43... Nf5 $142 44. Nf8 Kxf8 45. Bxf5 exf5 46. Kxd6 f4) 44. a4 Nf5 45. b4 {[#]} (45. g4 $142) 45... Bd2 $1 46. Nb8 Bxc3 47. b5 g5 {aiming for ...g4.} 48. Bd3 (48. Bb1 $17 {was worth a try.}) 48... Nd6 (48... Ne3 $19 49. Be4 Nc4) 49. Kc7 {[#] And now Nc6+ would win.} Ne8+ (49... e5 $1 $17 50. Nc6+ Ke6 51. Nxa7 e4) 50. Kb7 $15 Kd6 51. Kxa7 Bd4 52. Kb7 Nf6 53. Nc6 Bf2 54. Nd8 Ke7 ({Black should try} 54... Be3 $15) 55. Nc6+ $11 Kd6 ({Better is} 55... Ke8 $11) 56. Nd8 $1 $17 Nd7 (56... Be3 $17) 57. Bc4 {The position is equal.} Nc5+ 58. Kxb6 Nxa4+ 59. Kb7 Nc5+ 60. Kc8 Nd7 {Weighted Error Value: White=0.16/Black=0.19} 1/2-1/2

[Event "Charlotte Holiday IM 2020"]
[Site "Charlotte"]
[Date "2020.12.28"]
[Round "3.3"]
[White "Li, Eric"]
[Black "Chasin, Nico"]
[Result "0-1"]
[WhiteElo "2311"]
[BlackElo "2303"]
[Annotator "TA"]
[PlyCount "66"]
[EventDate "2020.12.26"]
[EventType "tourn"]
[EventCountry "USA"]
[SourceTitle "playchess.com"]
[Source "ChessBase"]
[SourceQuality "1"]

{[%evp 20,65,42,20,49,32,42,36,44,27,28,32,35,18,29,0,0,0,0,0,0,0,0,-100,-9,-168,-148,-141,-146,-222,-225,-283,-267,-850,-840,-840,-820,-926,-917,-929,-897,-2436,-2184,-29995,-29996,-29996,-29997,-29999]} 1. d4 Nf6 2. c4 e6 3. g3 c5 4. d5 exd5 5. cxd5 d6 6. Nc3 g6 7. Bg2 a6 8. a4 Bg7 9. Nf3 O-O 10. O-O Nbd7 11. Bf4 Ne8 {A63: Modern Benoni: Fianchetto Variation: 9...Nbd7.} 12. Qc2 Rb8 13. a5 b5 {White is slightly better.} 14. axb6 {[#]} Nxb6 $146 ({Predecessor:} 14... Qxb6 15. Ra2 h6 16. Nd2 g5 17. Nc4 Qc7 18. Bd2 Ne5 19. Na5 Bd7 20. f4 gxf4 21. gxf4 {½-½ (31) Cvitan,E (2027)-Osmanovic,K (2274) Zadar 2015}) 15. e4 Nc7 16. Rfc1 Bg4 17. Nd2 g5 18. Be3 f5 19. exf5 Bxf5 20. Be4 Qf6 21. g4 (21. Bxf5 $11 {keeps the balance.} Qxf5 22. Qxf5 Rxf5 23. Nde4) 21... Bxe4 (21... Bxg4 $17 {White must now prevent ...Qh6.} 22. Bxh7+ Kh8) 22. Qxe4 $2 {White does not recover from this.} (22. Ndxe4 $11 {and White has nothing to worry.} Qf3 23. Nxg5 Qxg4+ 24. Kh1) 22... Rbe8 23. Qg2 Qg6 24. Nf1 {[#]} (24. h3 $17 {might work better.}) 24... Nc4 $1 $19 25. Ra2 Ne5 {Strongly threatening ...Nf3+.} 26. Rd1 $2 (26. Nd2) 26... Nf3+ 27. Kh1 Nh4 28. Qh3 Bxc3 29. bxc3 {[#]} Nxd5 $1 {[%mdl 512]} 30. Rxa6 (30. Rxd5 Qe4+) 30... Nxc3 {( -> ...Qe4+)} 31. Raxd6 Qe4+ {Black mates.} 32. f3 Rxf3 {[%cal Rf3f1]} 33. Nd2 Rf1# {Weighted Error Value: White=0.96/Black=0.10} 0-1

[Event "Charlotte Holiday IM 2020"]
[Site "Charlotte"]
[Date "2020.12.28"]
[Round "3.4"]
[White "Diulger, Alexey"]
[Black "Vijay, Keerthi K."]
[Result "1/2-1/2"]
[WhiteElo "2298"]
[BlackElo "2242"]
[Annotator "TA"]
[PlyCount "30"]
[EventDate "2020.12.26"]
[EventType "tourn"]
[EventCountry "USA"]
[SourceTitle "playchess.com"]
[Source "ChessBase"]
[SourceQuality "1"]

{[%evp 9,30,39,29,8,29,2,22,2,-5,0,35,0,38,43,60,42,73,29,45,25,43,21,22]} 1. c4 Nc6 2. d4 d5 3. e3 e6 4. Nf3 Nf6 5. Be2 Bd6 6. Nc3 {D07: Queen's Gambit: Chigorin Defence.} O-O 7. O-O dxc4 {[#]} 8. e4 $146 {[#] aiming for e5.} ({Predecessor:} 8. Bxc4 e5 9. dxe5 Nxe5 10. Be2 Qe7 11. Qc2 Nxf3+ 12. Bxf3 Bg4 13. Bxb7 Rab8 14. Ba6 Bxh2+ 15. Kxh2 {0-1 (25) Riddell,R (1307)-Pennella,D ICCF email 2017}) 8... e5 {Threatens to win with ...exd4.} 9. d5 Ne7 10. Nd2 a6 11. Nxc4 b5 12. Nxd6 Qxd6 13. a3 c6 14. dxc6 Qxc6 15. Bg5 h6 {Weighted Error Value: White=0.16/Black=0.11} 1/2-1/2

[Event "Charlotte Holiday IM 2020"]
[Site "Charlotte"]
[Date "2020.12.28"]
[Round "3.5"]
[White "Velikanov, Alexander"]
[Black "Martin Del Campo C., Roberto"]
[Result "1/2-1/2"]
[WhiteElo "2308"]
[BlackElo "2313"]
[Annotator "TA"]
[PlyCount "41"]
[EventDate "2020.12.26"]
[EventType "tourn"]
[EventCountry "USA"]
[SourceTitle "playchess.com"]
[Source "ChessBase"]
[SourceQuality "1"]

{[%evp 10,25,22,22,35,24,50,23,20,0,0,-5,0,0,-2,6,0,-4]} 1. e4 c5 2. Nc3 Nc6 3. Nf3 e5 4. Bc4 d6 5. d3 Be7 6. O-O h6 {B30: Sicilian: 2...Nc6 3 Bb5, lines without ...g6.} 7. Ne1 Bg5 8. f4 (8. Qh5 {keeps more tension.} g6 9. Bxg5 Qxg5 10. Qxg5 hxg5 11. Nf3) 8... exf4 {White has an edge.} 9. Bxf4 {The position is equal.} Bxf4 10. Rxf4 {[#] Black must now prevent Qh5!} Nf6 11. Nd5 Nxd5 12. Bxd5 O-O 13. Qh5 {[#]  Weighted Error Value: White=0.10/Black=0.06} {Predecessor:} Be6 $146 14. Nf3 Nb4 15. Rf1 Bxd5 16. exd5 Nxc2 17. h4 Qd7 18. Nd2 Rae8 19. Ne4 f5 20. Rxf5 Rxf5 21. Rxf5 {0-1 (54) Chrz,P (2088)-Vales,V (2180) Czechia 2013} 1/2-1/2

[Event "Charlotte Holiday IM 2020"]
[Site "Charlotte"]
[Date "2020.12.28"]
[Round "4.1"]
[White "Andrianov, Nikolai"]
[Black "Li, Eric"]
[Result "1-0"]
[WhiteElo "2392"]
[BlackElo "2311"]
[Annotator "TA"]
[PlyCount "129"]
[EventDate "2020.12.26"]
[EventType "tourn"]
[EventCountry "USA"]
[SourceTitle "playchess.com"]
[Source "ChessBase"]
[SourceQuality "1"]

{[%evp 9,129,7,-5,-16,-10,-24,-30,-12,-15,-20,-23,-27,-14,-19,-11,-11,-12,-5,-28,-35,-35,-40,-35,-33,-55,-36,-35,-38,-31,-54,25,0,53,1,70,70,70,70,69,70,68,69,63,69,65,55,72,50,57,56,136,115,157,154,140,127,114,122,150,130,152,143,154,152,157,166,197,177,183,151,183,126,126,106,170,185,193,202,259,237,262,260,259,259,254,252,242,139,230,129,127,128,234,270,249,180,220,246,220,220,427,406,420,422,906,469,882,855,1265,1098,1964,1803,1838,1770,29983,29984,29986,29987,29987,29988,29988,29989]} 1. Nf3 d5 2. c4 d4 3. b4 f6 4. e3 e5 5. c5 a5 6. Nxe5 {A09: Réti Opening: 1 Nf3 d5 2 c4.} fxe5 7. Qh5+ Ke7 8. Qxe5+ {Black has an edge.} Be6 {Hoping for ...Nc6.} 9. Bc4 $1 {[%csl Gc4][%cal Re5e6]} (9. exd4 $2 Nc6 $19) 9... Qd7 10. b5 (10. exd4 $2 Nc6 $19) 10... Kf7 11. Bxe6+ (11. Qxd4 Qxd4 12. Bxe6+ Kxe6 $17) (11. Na3 {is interesting.} Bxc4 12. Nxc4 Nf6 13. exd4 Qxb5 14. Qxc7+ Nbd7 15. d3) 11... Qxe6 12. Qxc7+ Qd7 13. Qxd7+ Nxd7 14. exd4 g6 15. Bb2 {[#]} Bg7 $146 {[%mdl 1024] Black has compensation.} ({Predecessor:} 15... Kg7 16. O-O Ndf6 17. Na3 Nd5 18. f4 Be7 19. Rae1 Ngf6 20. Nc4 a4 21. f5 Rhe8 {½-½ (47) Malar,J-Baydashkin,A ICCF email 2015}) 16. Bc3 $1 Nh6 {aiming for ...Nf5.} 17. Na3 Nf5 18. Nc2 Rhe8+ 19. Kd1 Re4 (19... Red8 $15 20. c6 bxc6 21. bxc6 Nf6) 20. f3 (20. Rc1 {seems wilder.} Nf6 21. Ne3 Rae8 22. g3 h5 23. Rf1) 20... Rxd4 (20... Ree8 $11) 21. Nxd4 (21. c6 $14 bxc6 22. bxc6) 21... Nxd4 (21... Bxd4 $11 22. c6 bxc6) 22. c6 $1 $14 {[%cal Rc6d7]} bxc6 23. bxc6 Nxc6 24. Bxg7 Kxg7 25. Rc1 Ra6 26. Re1 Kf7 27. Re4 Rb6 28. a3 Nf6 29. Rec4 Ne5 (29... Ne7 $14) 30. Rc7+ Ke6 31. f4 $1 {[%cal Rf4e5]} Ned7 32. R1c6+ $1 Kd5 33. Rxb6 Nxb6 34. d3 $1 Kd6 35. Ra7 a4 36. Kd2 Ke6 37. Ke3 h5 38. g3 Nfd7 39. h3 Kd6 40. g4 ({White should try} 40. Kf3 $18) 40... hxg4 $16 41. hxg4 Nd5+ (41... Nb8 $16) 42. Kf3 $18 N5b6 43. Ra5 Ke6 44. Ke4 Kd6 45. Rg5 Nf8 46. f5 $1 {[%cal Rf5g6]} gxf5+ 47. Rxf5 ({But not} 47. gxf5 $6 Nd5 $16) 47... Ne6 48. g5 (48. Ra5 $18) 48... Nc8 (48... Nc5+ $16 49. Kf3 Nd5) 49. d4 (49. Rd5+ $1 $18 Ke7 50. Kf5) 49... Ke7 {Strongly threatening ...Nd6+.} 50. Re5 {d5 is the strong threat.} Kf7 {[#]} (50... Kd6 $16 {is a better defense.} 51. Rd5+ Ke7) 51. Ra5 $1 Ne7 52. Kd3 ({Don't take} 52. Rxa4 $6 Nxg5+ 53. Ke5 Nf3+ 54. Kf4 Nd2 $16) 52... Nxd4 53. Rxa4 ({Not} 53. g6+ Kxg6 54. Rxa4 Ndc6 $14) 53... Ne6 {[#]} 54. Ra5 Kg6 $2 (54... Ke8 55. Ke4 Kd7) 55. Re5 Kf7 56. a4 Ng6 (56... Nc7 $142 57. Kc4 Ke8) 57. Rf5+ Ke7 58. a5 Kd6 59. Rf6 Ngf4+ 60. Ke4 Nd5 61. Rh6 Ne7 62. a6 {White mates.} Kd7 {[#]} 63. Rxe6 $1 {[%mdl 576] Promotion} Kxe6 64. a7 Nd5 65. a8=Q {Weighted Error Value: White=0.09/Black=0.34} 1-0

[Event "Charlotte Holiday IM 2020"]
[Site "Charlotte"]
[Date "2020.12.28"]
[Round "4.3"]
[White "Chasin, Nico"]
[Black "Diulger, Alexey"]
[Result "0-1"]
[WhiteElo "2303"]
[BlackElo "2298"]
[Annotator "TA"]
[PlyCount "98"]
[EventDate "2020.12.26"]
[EventType "tourn"]
[EventCountry "USA"]
[SourceTitle "playchess.com"]
[Source "ChessBase"]
[SourceQuality "1"]

{[%evp 10,98,18,11,4,0,0,0,0,0,5,0,10,0,0,-27,-32,-25,-40,-102,-108,-115,-77,-119,-116,-128,-123,-200,-191,-202,-187,-200,-200,-198,-202,-192,-192,-207,-168,-264,-255,-259,-246,-552,-645,-561,-551,-549,-542,-538,-530,-532,-495,-606,-595,-585,-593,-589,-575,-728,-716,-876,-621,-605,-454,-443,-443,-422,-351,-524,-538,-599,-606,-601,-552,-661,-662,-587,-661,-812,-797,-838,-802,-29981,-29982,-29987,-29988,-29988,-29988,-29990,-29990]} 1. e4 d6 2. d4 c6 3. Nf3 Bg4 4. Bc4 d5 5. exd5 cxd5 6. Bb5+ Nc6 {B13: Caro-Kann: Exchange Variation and Panov-Botvinnik Attack.} 7. h3 Bxf3 8. Qxf3 Qa5+ {The position is equal.} 9. Nc3 e6 10. O-O Nf6 {[#]} 11. Bd2 $146 {Strongly threatening Nxd5.} ({Predecessor:} 11. Qg3 a6 12. Bxc6+ bxc6 13. Rd1 Qd8 14. b3 Nh5 15. Qf3 Nf6 16. Na4 Bd6 17. c4 Nd7 18. Bf4 Bxf4 19. Qxf4 dxc4 20. bxc4 {½-½ (26) Blomqvist,E (2503)-Houska,J (2396) Norway 2018}) 11... Qb6 12. Rfe1 Be7 13. Qg3 O-O 14. Bd3 {White is on the road to losing.} (14. Be3 $15) 14... Qxd4 $17 15. a3 Nh5 16. Qf3 g6 17. g4 {[#]} Qf6 $1 18. Qe3 {[#]} (18. Qxf6 $17 Nxf6 19. Bg5) (18. Kg2 Qxf3+) 18... d4 $1 $19 {[%mdl 64] Double Attack} 19. Qe4 dxc3 20. Bxc3 Qg5 {White must now prevent ...Nf4.} 21. h4 Qxh4 22. gxh5 Qxh5 23. Re3 Bd6 24. Kg2 (24. Qg2 $142 Bf4 25. Rh3) 24... Qh2+ 25. Kf1 Bc5 26. Rf3 $2 (26. Re2 {nothing else works.}) 26... Qh1+ 27. Ke2 Qxa1 28. Qh4 {[#]} Nd4+ $1 29. Bxd4 Bxd4 30. Qxd4 e5 31. Qh4 e4 32. Bxe4 Rae8 {Threatens to win with ...f5.} ({And not} 32... Rfe8 33. Rxf7 h5 34. Re7 $15) 33. Rh3 {[%csl Gh3][%cal Rh4h7]} h5 {And now ...f5 would win.} 34. Rg3 Qxb2 35. Kf1 Qa1+ 36. Kg2 Qe5 37. Bxb7 Kg7 38. c4 Qe7 39. Qxe7 (39. Qd4+ {was the only defense.} Qe5 40. Qc3) 39... Rxe7 {[%mdl 4096] Endgame KRR-KRB} 40. Bd5 Rb8 41. Rd3 Rb2 42. c5 Ree2 43. Rf3 f5 44. c6 Rbc2 45. Rf4 Kf6 {Hoping for ...Ke5!} 46. Kg3 g5 {Black mates.} 47. Rf3 h4+ 48. Kg2 g4 49. Rf4 Ke5 {[%mdl 64] Double Attack.  Weighted Error Value: White=0.38/Black=0.05} 0-1

[Event "Charlotte Holiday IM 2020"]
[Site "Charlotte"]
[Date "2020.12.28"]
[Round "4.4"]
[White "Vivekananthan, Anish"]
[Black "Martin Del Campo C., Roberto"]
[Result "1/2-1/2"]
[WhiteElo "2305"]
[BlackElo "2313"]
[Annotator "TA"]
[PlyCount "241"]
[EventDate "2020.12.26"]
[EventType "tourn"]
[EventCountry "USA"]
[SourceTitle "playchess.com"]
[Source "ChessBase"]
[SourceQuality "1"]

{[%evp 9,241,5,10,10,16,10,24,36,46,7,14,19,23,15,12,16,16,14,16,14,18,18,24,18,21,10,10,9,2,0,31,-11,-7,-8,-7,-24,0,-24,0,-36,-16,-23,-21,-37,-33,-34,-24,-60,-28,-59,-53,-70,-72,-51,0,-148,-139,-139,-143,-137,-139,-155,-120,-112,-125,-153,-153,-152,-133,-137,-135,-143,-128,-134,-134,-141,-132,-185,-141,-225,-156,-134,-147,-145,-156,-137,-122,-216,0,0,0,0,0,0,0,0,0,0,0,0,0,0,0,0,0,-3,-5,-25,0,0,0,0,0,-897,-838,-792,0,0,0,0,0,0,0,0,0,0,0,0,0,0,0,0,0,0,0,0,0,0,0,0,0,0,0,0,0,0,0,0,0,0,0,0,0,0,0,0,0,0,0,0,0,0,0,0,0,0,0,0,0,0,0,0,0,0,0,0,0,0,0,0,0,0,0,-368,0,-368,0,0,0,0,0,0,0,0,0,0,0,0,0,0,0,0,0,0,0,0,0,0,0,0,0,0,0,0,0,0,0,0,0,0,0,0,0,0,0,0,0,0,0,0,0,-368,0,0]} 1. e4 c5 2. Nc3 Nc6 3. Bb5 Nd4 4. Nf3 Nxb5 5. Nxb5 a6 6. Nc3 {B23: Closed Sicilian: Lines without g3.} d6 {The main line 6...d6 scores better than 6...e6.} 7. d4 cxd4 $1 8. Qxd4 {White has an edge.} e5 9. Qd3 h6 10. Nd2 Be6 11. Nc4 Rc8 12. Ne3 Nf6 13. a4 Qc7 14. O-O Be7 15. Bd2 O-O 16. Rfd1 Rfd8 {[#]} 17. Rac1 $146 ({Predecessor:} 17. Be1 Rd7 18. a5 h5 19. h3 g6 20. b3 Qc6 21. Ra2 Rdc7 22. Qe2 Nxe4 23. Ncd5 Nc5 24. Nxc7 Rxc7 25. Qd2 Ne4 26. Qd3 Nc5 27. Qd2 Ne4 28. Qd3 Nc5 29. Qd2 {½-½ (28) Gharamian,T (2626)-Sasikiran,K (2677) Germany 2017}) 17... Bc4 18. Nxc4 Qxc4 19. Be3 Rd7 20. f3 Qb4 21. Rb1 Bd8 22. Kh1 Qc4 23. Ra1 Ba5 {[%cal Ra5c3]} 24. Bd2 Bb6 25. Be1 Bd4 26. Ra3 Qxd3 27. Rxd3 Kf8 28. g3 Ke7 29. Ra1 Ke6 30. Rc1 Rdc7 31. Rcd1 Rc6 (31... Ne8 $15) 32. Kg2 (32. Rxd4 $11 exd4 33. Ne2) 32... d5 $17 33. exd5+ Nxd5 34. Kh3 Bxc3 35. bxc3 Nxc3 36. Bxc3 Rxc3 {[%mdl 4096] Endgame KRR-KRR} 37. Rd6+ Kf5 38. f4 exf4 39. R1d5+ Ke4 40. Rd4+ Ke3 41. Rxf4 R8c7 42. Rdd4 Rxc2 43. Kg4 (43. Rb4 $17) 43... Re7 ({But not} 43... Rxh2 $2 44. Rfe4+ Kf2 45. Rd2+ Kf1 46. Rd1+ Kf2 47. Rd2+ Kf1 48. Rxh2 $18) 44. h4 (44. Rb4 $17) 44... g6 45. Rb4 f5+ 46. Kh3 Re4 47. Rb3+ Ke2 48. Rff3 (48. Rxb7 $17 Rxf4 49. gxf4) 48... g5 $2 (48... Rxa4 $19 49. Rfe3+ Kd2) 49. hxg5 $11 hxg5 50. Rxf5 g4+ 51. Kh4 Rc7 52. a5 Rh7+ 53. Kg5 Rg7+ 54. Kf6 Rd7 55. Kg5 Red4 56. Kh4 Rg7 57. Rb2+ (57. Ra3 {feels hotter.} Rc4 58. Re5+ Kd1 59. Rf5 Rh7+ 60. Kg5) 57... Kd3 58. Rff2 Kc4 59. Rfc2+ Kd5 60. Rc8 Ra4 61. Rf8 $2 {[%mdl 8192] [#]} (61. Rd2+ $11 Ke6 62. Re8+ Kf7 63. Rh8) 61... Ra1 $1 $19 {[%cal Ra1h1]} 62. Rd2+ Ke6 $2 ({Black should try} 62... Kc4 $19 63. Rc8+ Kb4 64. Rd4+ Kxa5 65. Rd5+ b5) 63. Re8+ $11 Kf6 64. Rd6+ $1 Kf5 {[%cal Ra1h1]} (64... Kf7 {is more complex.} 65. Rd7+ Kxe8 66. Rxg7 Ra4 67. Rxb7 Rxa5 68. Kxg4 Ra1) 65. Rd5+ Kf6 {[%cal Ra1h1]} 66. Rd6+ Kf7 {[%cal Ra1h1]} 67. Rd7+ Kxe8 {[%cal Ra1h1]} 68. Rxg7 Rxa5 69. Rxb7 {KR-KR} Ra4 70. Kg5 Kd8 71. Kf5 Kc8 72. Ra7 Kb8 73. Rg7 a5 74. Ke5 Rb4 75. Kd5 a4 76. Kc5 Re4 77. Kd5 a3 78. Kxe4 {White wants to mate with Rd7.} a2 79. Rxg4 a1=Q {KQ-KR} 80. Rf4 Kc7 (80... Qb1+ {keeps more tension.} 81. Ke3 Kc7 82. Rf7+ Kb6 83. Rf4 Qb3+) 81. Kf3 Qb2 82. Kg4 Kd6 83. Kg5 Qd2 84. Kh4 Ke5 85. Kg4 Qg2 86. Kh4 Qh1+ 87. Kg4 Ke6 88. Rf2 Qh6 (88... Qa1 {is interesting.} 89. Rf4 Kd7 90. Kh4 Qg1 91. Kg4 Qd1+) 89. Rf4 Qg6+ 90. Kh3 Ke5 {Strongly threatening ...Qh5+.} 91. Kh2 Qc2+ 92. Kh3 Qe2 93. Kh4 Qh2+ 94. Kg4 Qh1 95. Rf5+ Ke4 96. Rf4+ $2 {[%mdl 8192]} (96. Rf7 $1 $11 {and White has nothing to worry.} Ke3 97. Rf6) 96... Ke3 $19 97. Rf5 $2 {[%mdl 8192]} (97. Rf6 $1 $11 Qe4+ 98. Rf4) 97... Qh2 $2 (97... Qe4+ $19 98. Rf4 Qe6+ 99. Kg5 Qg8+ 100. Kh4 Qh8+ 101. Kg5 Qg7+ 102. Kh4 Qh6+ 103. Kg4 Ke2) 98. Rf3+ $11 Ke4 (98... Kd2 {keeps more tension.} 99. Rf4 Qe2+ 100. Kh3 Kc2 101. Rf6 Kb1) 99. Rf4+ Ke5 {Threatens to win with ...Qc2.} 100. Rf5+ Ke6 101. Rf4 Qe2+ 102. Kh4 Ke5 103. Kh3 Qc2 104. Kh4 (104. Rh4 {seems wilder.} Qd2 105. Rf4 Kd5 106. Rf6 Qb2 107. Rg6) 104... Qh7+ 105. Kg4 $1 Qh6 106. Kf3 Qh3 {And now ...Ke6 would win.} 107. Kf2 Qh1 108. Rh4 Qd1 {White must now prevent ...Qc2+.} (108... Qa1 {with more complications.} 109. Kg2 Qa2+ 110. Kf3 Kf5 111. Rf4+ Ke6) 109. Rf4 Qd2+ 110. Kf3 Qd7 111. Kg2 Qh7 112. Kf3 Qh2 113. Rh4 Qg1 {aiming for ...Qf1+.} 114. Rf4 Qf1+ 115. Kg4 Qg2 {...Qe2+ is the strong threat.} (115... Qa1 {keeps more tension.} 116. Kh3 Ke6 117. Rh4 Qe1 118. Rh6+ Kd7) 116. Kh4 Qh2+ 117. Kg4 Qh1 118. Rf5+ Ke4 {( -> ...Qd1+)} 119. Rf4+ Ke3 {Hoping for ...Qd1+.} 120. Rf5 $2 {[%mdl 8192] [#]} (120. Rf6 $11 Qe4+ 121. Rf4) 120... Qg2 $2 (120... Qe4+ $1 $19 121. Rf4 Qg6+ 122. Kh3 Qh5+ 123. Kg2 Qd5+ 124. Kh2 Qd7) 121. Rf4 {Weighted Error Value: White=0.14/Black=0.12} 1/2-1/2